| 000 | 01481cam a22002655a 4500 | ||
|---|---|---|---|
| 001 | L139950 | ||
| 008 | 070822s2007 xxk f 001 0 eng d | ||
| 020 | _a9780230525368 | ||
| 035 | _a(Sirsi) u139950 | ||
| 041 | 0 | _aeng | |
| 050 | 0 | 4 | _a696.9 $2 18 |
| 100 | _aMcMullan, Randall | ||
| 245 | _aEnvironmental science in building | ||
| 250 | _a6th ed. | ||
| 260 |
_aBasingstoke _bPalgrave _c2007 |
||
| 300 |
_aviii, 376p. _c25cm. |
||
| 350 | _a32.99 | ||
| 490 | _aMacmillan Building and Surveying Series | ||
| 505 | 2 | _aClimate and the built environment -- Human environmental comfort -- Insulation and energy use in buildings -- Air control in buildings -- Artificial and natural lighting -- Noise control and sound insulation -- Electricity generation and supply -- Water supplies and waste water treatment -- Carbon and energy management in construction -- Resource conservation and sustainability in construction -- Sick buildings and green buildings. | |
| 520 | _aCovers science, technology and services that relate to comfort of humans and environmental performance of buildings. Includes climate, energy supplies and conservation, human comfort, heating, ventilation, lighting, sound insulation, acoustics, electrical supplies, water treatment, sick buildings, green buildings. Worked examples explained step-by-step. | ||
| 520 | _aSupersedes fifth edition (ISBN: 0333947711). | ||
| 651 | 4 |
_aUnited Kingdom _y |
|
| 690 |
_aBlock management _96220 |
||
| 942 | _n0 | ||
| 999 |
_c107380 _d107380 |
||